000 00298nam a22001337a 4500
008 181022b xxu||||| |||| 00| 0 eng d
020 _a9780525950141
041 _aeng
080 _a321
100 _a21
101 _aPOL
245 _aInisde The Political Attack
_cBowen.M
942 _2udc
_cBK
999 _c50448
_d50448